1 Billion streams club : Taylor Swift - Statistics

General Stats
  • This quiz has been taken 77 times
    2 since last reset
  • The average score is 25 of 28
Answer Stats
Album Song Streams % Correct
Midnights Anti-Hero 1.9B
100%
Folklore August 1.7B
100%
1989 Blank Space 2.3B
100%
Folkore Cardigan 1.9B
100%
Lover Cruel Summer 3.2B
100%
Speak Now Enchanted 1.0B
100%
The Tortured Poets Departmentft. Post Malone Fortnight 1.1B
100%
Fifty Shades Darkerft. ZAYN I Don't Wanna Live Forever 2.1B
100%
Red I Knew You Were Trouble 1.0B
100%
Reputation Look What You Made Me Do 1.4B
100%
Lover Lover 2.0B
100%
Fearless (Taylor's Version) Love Story 1.1B
100%
Fearless Love Story 1.1B
100%
1989 Shake It Off 1.8B
100%
1989 Style 1.7B
100%
The Life of a Showgirl The Fate of Ophelia 1.2B
100%
Lover The Man 1.0B
100%
1989 Wildest Dreams 1.1B
100%
1989 (Taylor's Version) Wildest Dreams 1.0B
100%
Evermore Willow 1.0B
100%
Fearless (Taylor's Version) You Belong With Me 1.0B
100%
Lover You Need To Calm Down 1.1B
100%
Reputation Delicate 1.3B
50%
Reputation Don't Blame Me 1.5B
50%
Folkloreft. Bon Iver exile 1.0B
50%
Midnights Karma 1.0B
50%
Reputation ...Ready For It ? 1.0B
50%
Red (Taylor's Version) All Too Well (10 Minute Version) 1.1B
0%
No matching quizzes found
Score Distribution
Percent of People with Each Score
Percentile by Number Answered
Your Score History
You have not taken this quiz since the last reset